000
00471nam a2200181Ia 4500
008
090123s9999 xx 000 0 und d
082
_b
5765
_a
891.463/जोशी
100
_a
जोशी ज.
245
_a
रिंगण
250
_a
1
260
_b
ग्रंथाली प्रकाशन
300
_a
206
600
_a
जोशी ज.
630
_a
रिंगण
700
_a
जोशी ज.
730
_a
रिंगण
942
_c
BOOK
999
_c
43830
_d
43830